000 00336nam a2200145Ia 4500
008 220216s9999 xx 000 0 und d
100 _aTiyo
245 0 _aNR will stay firm on high oil price
260 _bRubber Asia
_c2004
300 _a101-103
650 _aNR
650 _aNR global market
650 _aOil price
942 _cJS
999 _c64197
_d64197